[Event "Titled Tuesday intern op 22nd Aug Early"]
[Site "Chess.com INT"]
[Date "2023.08.22"]
[Round "10"]
[White "Pace, Christopher"]
[Black "Perez, Maximiliano"]
[Result "0-1"]
[WhiteElo "2053"]
[BlackElo "2383"]
[PlyCount "42"]
[EventDate "2023.08.22"]
[EventType "swiss (blitz)"]
[EventRounds "11"]
[EventCountry "USA"]
[SourceTitle "EXT 2024"]
[Source "ChessBase"]
[SourceDate "2023.10.10"]
[SourceVersion "1"]
[SourceVersionDate "2023.10.10"]
[SourceQuality "1"]

1. e4 g6 2. d4 Bg7 3. Nc3 d6 4. Be3 a6 5. a4 b6 6. Qd2 Bb7 7. f4 e6 8. Nf3 Nd7 9. Bd3 Ne7 10. 0-0 d5 11. e5 c5 12. a5 c4 13. Be2 b5 14. Na2 Nc6 15. Nb4 Nxa5 16. Nxd5 Bxd5 17. Rxa5 Nb6 18. Rfa1 Na4 19. b3 c3 20. Qe1 Qxa5 21. bxa4 b4 0-1

[Event "Titled Tuesday intern op 06th Jun Late"]
[Site "Chess.com INT"]
[Date "2023.06.06"]
[Round "5"]
[White "Kokoszczynski, Jan"]
[Black "Pace, Christopher"]
[Result "1-0"]
[WhiteElo "2247"]
[BlackElo "2053"]
[PlyCount "103"]
[EventDate "2023.06.06"]
[EventType "swiss (blitz)"]
[EventRounds "11"]
[EventCountry "USA"]
[SourceTitle "EXT 2024"]
[Source "ChessBase"]
[SourceDate "2023.10.10"]
[SourceVersion "1"]
[SourceVersionDate "2023.10.10"]
[SourceQuality "1"]

1. d4 Nf6 2. c4 e5 3. dxe5 Ng4 4. Nf3 Bc5 5. e3 Nc6 6. Be2 0-0 7. Nbd2 Re8 8. 0-0 Ngxe5 9. b3 Qf6 10. Rb1 Qg6 11. Bb2 Nd3 12. Ba1 d6 13. Nd4 Nf4 14. Bf3 Bxd4 15. exd4 Bh3 16. g3 Bxf1 17. Nxf1 Nh3+ 18. Kg2 Ng5 19. Ne3 Nxf3 20. Kxf3 Qe4+ 21. Ke2 f5 22. d5 Ne5 23. Bxe5 Rxe5 24. Qd3 Qg4+ 25. Kd2 Qf3 26. Qe2 Qxe2+ 27. Kxe2 g5 28. Kd3 Rae8 29. Rg1 Kf7 30. h4 h6 31. hxg5 hxg5 32. Rh1 Kg6 33. g4 f4 34. Nc2 Re2 35. Nd4 Rxf2 36. Nf5 Ree2 37. Rh6+ Kf7 38. Rh7+ Kg8 39. Rxc7 Rxa2 40. Nh6+ Kf8 41. Ke4 Rae2+ 42. Kf5 Re7 43. Rc8+ Kg7 44. Kxg5 Re5+ 45. Nf5+ Kf7 46. Rc7+ Ke8 47. Rxb7 f3 48. c5 dxc5 49. d6 Rd5 50. Kf6 Rfd2 51. Ke6 Kd8 52. Rb8# 1-0

[Event "Titled Tuesday intern op 23rd May Late"]
[Site "Chess.com INT"]
[Date "2023.05.23"]
[Round "4"]
[White "Pace, Christopher"]
[Black "Mahdavi, Reza"]
[Result "0-1"]
[WhiteElo "2053"]
[BlackElo "2339"]
[PlyCount "40"]
[EventDate "2023.05.23"]
[EventType "swiss (blitz)"]
[EventRounds "11"]
[EventCountry "USA"]
[SourceTitle "EXT 2024"]
[Source "ChessBase"]
[SourceDate "2023.10.10"]
[SourceVersion "1"]
[SourceVersionDate "2023.10.10"]
[SourceQuality "1"]

1. d4 Nf6 2. c4 e6 3. Nc3 d5 4. Nf3 Bb4 5. cxd5 exd5 6. Bg5 h6 7. Bxf6 Qxf6 8. Rc1 0-0 9. e3 c6 10. Be2 Bf5 11. 0-0 Nd7 12. Qb3 a5 13. a3 Bd6 14. Na4 b5 15. Nc5 Nb6 16. Kh1 Nc4 17. Nd3 Be4 18. Nc5 Bxf3 19. Bxf3 Nd2 20. Qd3 Nxf1 0-1

[Event "Titled Tuesday intern op 23rd May Late"]
[Site "Chess.com INT"]
[Date "2023.05.23"]
[Round "7"]
[White "Pace, Christopher"]
[Black "Santos Flores, Alberto Javier"]
[Result "0-1"]
[WhiteElo "2053"]
[BlackElo "2164"]
[PlyCount "92"]
[EventDate "2023.05.23"]
[EventType "swiss (blitz)"]
[EventRounds "11"]
[EventCountry "USA"]
[SourceTitle "EXT 2024"]
[Source "ChessBase"]
[SourceDate "2023.10.10"]
[SourceVersion "1"]
[SourceVersionDate "2023.10.10"]
[SourceQuality "1"]

1. e4 e6 2. d4 d5 3. Nd2 c5 4. Ngf3 cxd4 5. Nxd4 Nf6 6. exd5 Nxd5 7. N2f3 Bb4+ 8. Bd2 Bxd2+ 9. Qxd2 0-0 10. Bd3 Nc6 11. Nxc6 bxc6 12. 0-0 h6 13. Rad1 Qb6 14. c4 Nf6 15. Ne5 c5 16. Bb1 Bb7 17. Qe3 Rfd8 18. b3 a5 19. h3 a4 20. Rd3 Rxd3 21. Bxd3 axb3 22. axb3 Rd8 23. Ra1 Ra8 24. Rxa8+ Bxa8 25. Bc2 Qd6 26. Nd3 Nd7 27. Qf4 Qxf4 28. Nxf4 Kf8 29. Ne2 Ke7 30. Nc3 Ne5 31. f3 Nc6 32. Kf2 Nd4 33. Bd1 Bc6 34. Ke3 e5 35. Ne4 Bxe4 36. Kxe4 Ke6 37. f4 f5+ 38. Ke3 e4 39. g4 g6 40. h4 Kf6 41. h5 gxh5 42. gxh5 Ke7 43. Kf2 Kd6 44. Ke3 Kc6 45. Kf2 Kb6 46. Ke3 Ka5 0-1

[Event "Titled Tuesday intern op 23rd May Late"]
[Site "Chess.com INT"]
[Date "2023.05.23"]
[Round "10"]
[White "Remolar Gallen, Jose"]
[Black "Pace, Christopher"]
[Result "1-0"]
[WhiteElo "2285"]
[BlackElo "2053"]
[PlyCount "103"]
[EventDate "2023.05.23"]
[EventType "swiss (blitz)"]
[EventRounds "11"]
[EventCountry "USA"]
[SourceTitle "EXT 2024"]
[Source "ChessBase"]
[SourceDate "2023.10.10"]
[SourceVersion "1"]
[SourceVersionDate "2023.10.10"]
[SourceQuality "1"]

1. e4 e5 2. Nf3 Nc6 3. Bb5 Nge7 4. 0-0 g6 5. d4 exd4 6. Nxd4 Bg7 7. Be3 0-0 8. Nc3 a6 9. Ba4 b5 10. Bb3 Na5 11. Nf3 Nxb3 12. axb3 Bb7 13. Bd4 Bxd4 14. Qxd4 Nc6 15. Qe3 Re8 16. Rad1 d6 17. Qh6 f6 18. Rfe1 Ne5 19. Nxe5 Rxe5 20. f3 Qe7 21. Qh4 Re8 22. Rf1 f5 23. Qxe7 R8xe7 24. exf5 Rxf5 25. Rfe1 Rfe5 26. Kf2 Rxe1 27. Rxe1 Rxe1 28. Kxe1 Kf7 29. Kd2 Ke6 30. Ke3 Ke5 31. Ne2 c5 32. Nf4 d5 33. Nd3+ Kd6 34. Kf4 d4 35. b4 c4 36. Nc5 Bc8 37. g4 Kd5 38. Ne4 Ke6 39. Ng5+ Kd5 40. Nxh7 c3 41. bxc3 dxc3 42. Nf8 Kc4 43. Nxg6 Kxb4 44. h4 Be6 45. h5 a5 46. Ne7 a4 47. h6 a3 48. h7 a2 49. h8Q a1Q 50. Qd4+ Ka5 51. Nc6+ Ka6 52. Qa7# 1-0

[Event "Titled Tuesday intern op 17th Jan Late"]
[Site "Chess.com INT"]
[Date "2023.01.17"]
[Round "3"]
[White "Bilan, Danila"]
[Black "Pace, Christopher"]
[Result "1-0"]
[WhiteElo "2303"]
[BlackElo "2053"]
[PlyCount "69"]
[EventDate "2023.01.17"]
[EventType "swiss (blitz)"]
[EventRounds "11"]
[EventCountry "USA"]
[SourceTitle "CBM 212 Extra"]
[Source "ChessBase"]
[SourceDate "2023.03.31"]
[SourceVersion "1"]
[SourceVersionDate "2023.03.31"]
[SourceQuality "1"]

1. d4 Nf6 2. Nf3 g6 3. Bg5 Bg7 4. c3 0-0 5. Nbd2 d6 6. e4 Nc6 7. Qc2 e5 8. dxe5 dxe5 9. Bc4 Qe7 10. 0-0 h6 11. Bh4 Be6 12. Rad1 Rad8 13. Rfe1 Rd7 14. Bb5 g5 15. Bg3 Nh5 16. Bxc6 bxc6 17. Bxe5 Rfd8 18. Bxg7 Kxg7 19. Nd4 Qc5 20. b4 Qb6 21. Nxe6+ fxe6 22. Nb3 Nf4 23. Nc5 Rxd1 24. Rxd1 Rd6 25. g3 Ng6 26. Rxd6 cxd6 27. Nxe6+ Kf6 28. Nd4 Ne5 29. Qe2 g4 30. Qe3 Kg6 31. Qf4 Qa6 32. Qf5+ Kg7 33. Ne6+ Kh8 34. Qf8+ Kh7 35. Qg7# 1-0

[Event "Titled Tuesday intern op 17th Jan Late"]
[Site "Chess.com INT"]
[Date "2023.01.17"]
[Round "6"]
[White "Kaplan, Avi Harrison"]
[Black "Pace, Christopher"]
[Result "1-0"]
[WhiteElo "2083"]
[BlackElo "2053"]
[PlyCount "87"]
[EventDate "2023.01.17"]
[EventType "swiss (blitz)"]
[EventRounds "11"]
[EventCountry "USA"]
[SourceTitle "CBM 212 Extra"]
[Source "ChessBase"]
[SourceDate "2023.03.31"]
[SourceVersion "1"]
[SourceVersionDate "2023.03.31"]
[SourceQuality "1"]

1. Nf3 Nf6 2. b3 d6 3. Bb2 e5 4. d3 g6 5. g3 Bg7 6. Bg2 0-0 7. 0-0 Re8 8. Nbd2 c6 9. e4 Nbd7 10. Qe2 Qc7 11. Rad1 a5 12. c3 a4 13. b4 a3 14. Bc1 Nb6 15. Nb1 Na4 16. Qc2 c5 17. bxc5 Qxc5 18. Bxa3 Qc7 19. Rc1 d5 20. exd5 Nxd5 21. c4 Ne7 22. Rfe1 Nc6 23. Nc3 Nxc3 24. Qxc3 e4 25. Qb3 Bf5 26. dxe4 Bxe4 27. Bb2 Na5 28. Qb4 Nc6 29. Qb3 Na5 30. Qb5 Bc6 31. Qb4 Rxe1+ 32. Rxe1 Bxf3 33. Bxf3 Qxc4 34. Qxc4 Nxc4 35. Bxg7 Kxg7 36. Bxb7 Rxa2 37. Bd5 Rc2 38. Re7 Nd6 39. Rd7 Nf5 40. Rxf7+ Kh6 41. Be4 Rc1+ 42. Kg2 Nd6 43. Rf4 g5 44. Rf6+ 1-0

[Event "Titled Tuesday intern op 17th Jan Late"]
[Site "Chess.com INT"]
[Date "2023.01.17"]
[Round "9"]
[White "Sabar, Ethmane Daouda"]
[Black "Pace, Christopher"]
[Result "0-1"]
[WhiteElo "2040"]
[BlackElo "2053"]
[PlyCount "48"]
[EventDate "2023.01.17"]
[EventType "swiss (blitz)"]
[EventRounds "11"]
[EventCountry "USA"]
[SourceTitle "CBM 212 Extra"]
[Source "ChessBase"]
[SourceDate "2023.03.31"]
[SourceVersion "1"]
[SourceVersionDate "2023.03.31"]
[SourceQuality "1"]

1. e4 e5 2. Bc4 Nf6 3. d4 exd4 4. Nf3 Nc6 5. 0-0 Bc5 6. e5 d5 7. Bb5 Ne4 8. Nxd4 Bd7 9. Bxc6 bxc6 10. Nb3 Bb6 11. N1d2 Nxf2 12. Rxf2 0-0 13. Nf3 Bxf2+ 14. Kxf2 f6 15. Kg1 Bg4 16. Bf4 fxe5 17. Bxe5 Bxf3 18. gxf3 Qg5+ 19. Bg3 h5 20. Qd4 Rxf3 21. Re1 Rxg3+ 22. hxg3 Qxg3+ 23. Kf1 Rf8+ 24. Ke2 Re8+ 0-1

[Event "Titled Tuesday intern op 03rd Jan Early"]
[Site "Chess.com INT"]
[Date "2023.01.03"]
[Round "10"]
[White "Flis, Pawel"]
[Black "Pace, Christopher"]
[Result "1/2-1/2"]
[WhiteElo "1901"]
[BlackElo "2053"]
[PlyCount "70"]
[EventDate "2023.01.03"]
[EventType "swiss (blitz)"]
[EventRounds "11"]
[EventCountry "USA"]
[SourceTitle "EXT 2024"]
[Source "ChessBase"]
[SourceDate "2023.10.10"]
[SourceVersion "1"]
[SourceVersionDate "2023.10.10"]
[SourceQuality "1"]

1. e4 e5 2. d4 exd4 3. Nf3 Nc6 4. Bc4 Nf6 5. e5 d5 6. Bb5 Ne4 7. Nxd4 Bd7 8. Bxc6 bxc6 9. 0-0 Bc5 10. f3 Ng5 11. Be3 Bb6 12. f4 Ne4 13. Nd2 Nxd2 14. Qxd2 c5 15. Ne2 d4 16. Bf2 0-0 17. c4 f6 18. Bg3 fxe5 19. fxe5 Qe7 20. Rae1 Bc6 21. Nf4 Rad8 22. Nd3 Qe6 23. b3 a5 24. Rxf8+ Rxf8 25. Rf1 Rxf1+ 26. Kxf1 Qf5+ 27. Kg1 g5 28. Qe2 Kf7 29. e6+ Qxe6 30. Qh5+ Kf8 31. Qxg5 Qe2 32. Qf6+ Kg8 33. Qg5+ Kf8 34. Qf6+ Kg8 35. Qg5+ Kf8 1/2-1/2

[Event "Titled Tuesday intern op 03rd Jan Late"]
[Site "Chess.com INT"]
[Date "2023.01.03"]
[Round "2"]
[White "Pace, Christopher"]
[Black "Bornholdt, Joa Max"]
[Result "1-0"]
[WhiteElo "2053"]
[BlackElo "2297"]
[PlyCount "59"]
[EventDate "2023.01.03"]
[EventType "swiss (blitz)"]
[EventRounds "11"]
[EventCountry "USA"]
[SourceTitle "EXT 2024"]
[Source "ChessBase"]
[SourceDate "2023.10.10"]
[SourceVersion "1"]
[SourceVersionDate "2023.10.10"]
[SourceQuality "1"]

1. e4 e5 2. Nf3 Nc6 3. Bb5 g6 4. c3 a6 5. Ba4 Bg7 6. 0-0 Nge7 7. d4 exd4 8. cxd4 b5 9. Bb3 d6 10. h3 0-0 11. Nc3 Na5 12. Bc2 c5 13. dxc5 dxc5 14. Qxd8 Rxd8 15. Bg5 f6 16. Be3 Nb7 17. Rac1 Be6 18. a4 b4 19. Ne2 Bc4 20. Rfe1 Rac8 21. Nf4 Bf7 22. Bd1 f5 23. e5 c4 24. e6 Be8 25. Be2 Na5 26. Bb6 Bxa4 27. Bxa5 Rd6 28. Bxb4 Rb6 29. Bxe7 Rxb2 30. Bxc4 1-0

[Event "Titled Tuesday intern op 03rd Jan Early"]
[Site "Chess.com INT"]
[Date "2023.01.03"]
[Round "11"]
[White "Pace, Christopher"]
[Black "Guevara Sanchez, Erick Marvin"]
[Result "0-1"]
[WhiteElo "2053"]
[BlackElo "2073"]
[PlyCount "34"]
[EventDate "2023.01.03"]
[EventType "swiss (blitz)"]
[EventRounds "11"]
[EventCountry "USA"]
[SourceTitle "EXT 2024"]
[Source "ChessBase"]
[SourceDate "2023.10.10"]
[SourceVersion "1"]
[SourceVersionDate "2023.10.10"]
[SourceQuality "1"]

1. e4 c5 2. Nf3 Nc6 3. d4 cxd4 4. Nxd4 e5 5. Nf3 Nf6 6. Bc4 Nxe4 7. 0-0 Nf6 8. Re1 d6 9. Ng5 d5 10. Bb5 Bd6 11. c4 d4 12. f4 e4 13. Nxe4 0-0 14. Nxd6 Qxd6 15. b3 d3 16. Bb2 Ng4 17. b4 Nxb4 0-1

[Event "Titled Tuesday intern op 13th Dec Late"]
[Site "Chess.com INT"]
[Date "2022.12.13"]
[Round "11"]
[White "Fernandez Garcia, Gumersindo"]
[Black "Pace, Christopher"]
[Result "0-1"]
[WhiteElo "2172"]
[BlackElo "2053"]
[PlyCount "118"]
[EventDate "2022.12.13"]
[EventType "swiss (blitz)"]
[EventRounds "11"]
[EventCountry "USA"]
[SourceTitle "EXT 2024"]
[Source "ChessBase"]
[SourceDate "2023.10.10"]
[SourceVersion "1"]
[SourceVersionDate "2023.10.10"]
[SourceQuality "1"]

1. f4 d5 2. Nf3 Nf6 3. e3 g6 4. b3 Bg7 5. Bb2 0-0 6. Be2 c5 7. 0-0 Nc6 8. a4 d4 9. Na3 Nd5 10. Qc1 f6 11. Bc4 Kh8 12. exd4 cxd4 13. Nxd4 Nxd4 14. Bxd4 Nxf4 15. Rxf4 e5 16. Bxe5 fxe5 17. Rxf8+ Qxf8 18. Qf1 Qd8 19. Rd1 Bf5 20. d3 a6 21. Nb1 b5 22. axb5 axb5 23. Bf7 Ra7 24. g4 Bxg4 25. Re1 Bf5 26. Bxg6 Bxg6 27. Nd2 Rf7 28. Qg2 Qd4+ 29. Kh1 Rd7 30. Nf3 Qd5 31. h4 Bh5 32. Rf1 Rf7 33. Ng5 Qxg2+ 34. Kxg2 Rxf1 35. Kxf1 Bf6 36. Ne4 Bxh4 37. Nd6 b4 38. Nc4 Bf6 39. Na5 Bd1 40. Nc6 Bxc2 41. Nxb4 Bxb3 42. Ke2 Be6 43. Nc6 h5 44. Kf3 Bd5+ 45. Kg3 Bxc6 46. d4 h4+ 47. Kh3 exd4 48. Kg4 Be4 49. Kf4 Bg6 50. Kf3 d3 51. Ke3 h3 52. Kd2 h2 53. Ke3 h1Q 54. Kd2 Qg2+ 55. Ke3 Qe2+ 56. Kf4 Qe5+ 57. Kg4 Qf5+ 58. Kg3 Be5+ 59. Kh4 Qh5# 0-1

[Event "Titled Tuesday intern op 13th Dec Late"]
[Site "Chess.com INT"]
[Date "2022.12.13"]
[Round "8"]
[White "Mazurkiewicz, Michal"]
[Black "Pace, Christopher"]
[Result "1-0"]
[WhiteElo "2163"]
[BlackElo "2053"]
[PlyCount "39"]
[EventDate "2022.12.13"]
[EventType "swiss (blitz)"]
[EventRounds "11"]
[EventCountry "USA"]
[SourceTitle "EXT 2024"]
[Source "ChessBase"]
[SourceDate "2023.10.10"]
[SourceVersion "1"]
[SourceVersionDate "2023.10.10"]
[SourceQuality "1"]

1. e4 e5 2. Nf3 Nc6 3. g3 Nf6 4. d3 d5 5. exd5 Nxd5 6. Bg2 Be7 7. 0-0 0-0 8. Re1 f6 9. Nc3 Nb6 10. a4 a5 11. Nb5 Bg4 12. c3 f5 13. Be3 e4 14. Qb3+ Kh8 15. dxe4 fxe4 16. Nd2 Nd5 17. Nxe4 Nxe3 18. Rxe3 Ne5 19. h3 Bh5 20. Qe6 1-0

[Event "Titled Tuesday intern op 13th Dec Late"]
[Site "Chess.com INT"]
[Date "2022.12.13"]
[Round "2"]
[White "Miszler, Levente"]
[Black "Pace, Christopher"]
[Result "0-1"]
[WhiteElo "2267"]
[BlackElo "2053"]
[PlyCount "84"]
[EventDate "2022.12.13"]
[EventType "swiss (blitz)"]
[EventRounds "11"]
[EventCountry "USA"]
[SourceTitle "EXT 2024"]
[Source "ChessBase"]
[SourceDate "2023.10.10"]
[SourceVersion "1"]
[SourceVersionDate "2023.10.10"]
[SourceQuality "1"]

1. d4 Nf6 2. c4 e5 3. dxe5 Ng4 4. Nf3 Bc5 5. e3 Nc6 6. Nc3 0-0 7. Be2 Re8 8. 0-0 Ngxe5 9. b3 Nxf3+ 10. Bxf3 Ne5 11. Be2 a5 12. Bb2 Ra6 13. Nd5 Rh6 14. h3 d6 15. Bd4 Nc6 16. Bxc5 dxc5 17. Bg4 Bxg4 18. Qxg4 Ne5 19. Qf4 c6 20. Nc3 Rf6 21. Qh4 Nf3+ 22. gxf3 Rg6+ 23. Qg4 Rxg4+ 24. fxg4 Qf6 25. Ne2 Qf3 26. Ng3 Rd8 27. a3 Rd2 28. b4 axb4 29. axb4 g6 30. bxc5 h5 31. gxh5 gxh5 32. e4 h4 33. Ra8+ Kh7 34. Nf5 Qxh3 35. Rf8 Qg4+ 36. Kh1 Qxe4+ 37. Kh2 Qxf5 38. Rg1 Qxf2+ 39. Kh3 Qh2+ 40. Kg4 Qxg1+ 41. Kh5 Qg6+ 42. Kxh4 Rh2# 0-1

[Event "Titled Tuesday intern op 13th Dec Late"]
[Site "Chess.com INT"]
[Date "2022.12.13"]
[Round "7"]
[White "Pace, Christopher"]
[Black "Reprintsev, Alexander"]
[Result "1/2-1/2"]
[WhiteElo "2053"]
[BlackElo "2330"]
[PlyCount "122"]
[EventDate "2022.12.13"]
[EventType "swiss (blitz)"]
[EventRounds "11"]
[EventCountry "USA"]
[SourceTitle "EXT 2024"]
[Source "ChessBase"]
[SourceDate "2023.10.10"]
[SourceVersion "1"]
[SourceVersionDate "2023.10.10"]
[SourceQuality "1"]

1. e4 d5 2. exd5 Qxd5 3. Nc3 Qa5 4. d4 Nf6 5. Nf3 Nc6 6. d5 Nb4 7. Bb5+ Bd7 8. Bxd7+ Nxd7 9. 0-0 Nf6 10. Bf4 Nbxd5 11. Nxd5 Qxd5 12. Bxc7 Rc8 13. Be5 Qxd1 14. Rfxd1 Rxc2 15. Rac1 Rc6 16. Rxc6 bxc6 17. Nd4 Nd7 18. Nxc6 f6 19. Bd4 a6 20. Be3 e5 21. b4 f5 22. f3 f4 23. Bf2 h5 24. a4 Rh6 25. b5 axb5 26. axb5 Rd6 27. Rxd6 Bxd6 28. b6 Nb8 29. Na5 Kd7 30. Nc4 Nc6 31. Kf1 Bb8 32. Ke2 Ke6 33. Kd3 Kd5 34. Nd2 Na5 35. Kc3 Kc6 36. Nc4 Nb7 37. Kb4 g5 38. Bg1 g4 39. Bf2 Kd5 40. Kb5 e4 41. fxe4+ Kxe4 42. Kc6 Nd8+ 43. Kd7 Nf7 44. Kc8 Kd5 45. Kxb8 Kxc4 46. Kc7 Ng5 47. b7 Ne4 48. b8Q Nxf2 49. Qe8 Kd4 50. Qxh5 Ke3 51. Qh4 f3 52. gxf3 gxf3 53. Kd6 Ne4+ 54. Ke5 Nd2 55. Qf4+ Ke2 56. Kd4 Nf1 57. Qe4+ Kf2 58. Kd3 Kg2 59. Qg4+ Kf2 60. Qe4 Nxh2 61. Qxf3+ Kxf3 1/2-1/2

[Event "Titled Tuesday intern op 29th Nov Late"]
[Site "Chess.com INT"]
[Date "2022.11.29"]
[Round "9"]
[White "Mickiewicz, Piotr"]
[Black "Pace, Christopher"]
[Result "1-0"]
[WhiteElo "2272"]
[BlackElo "2053"]
[PlyCount "63"]
[EventDate "2022.11.29"]
[EventType "swiss (blitz)"]
[EventRounds "11"]
[EventCountry "USA"]
[SourceTitle "EXT 2024"]
[Source "ChessBase"]
[SourceDate "2023.10.10"]
[SourceVersion "1"]
[SourceVersionDate "2023.10.10"]
[SourceQuality "1"]

1. Nf3 Nf6 2. g3 d5 3. Bg2 g6 4. 0-0 Bg7 5. c4 c6 6. d3 0-0 7. Nc3 Nbd7 8. cxd5 cxd5 9. Bf4 a6 10. Rc1 b5 11. Ne5 Nxe5 12. Bxe5 Bb7 13. d4 Rc8 14. Qb3 Ne4 15. Nxe4 dxe4 16. Bxg7 Kxg7 17. e3 Qd6 18. a4 Bd5 19. Qd1 Qb4 20. axb5 axb5 21. Qg4 Rxc1 22. Rxc1 Qxb2 23. Qd1 Rb8 24. h4 b4 25. Rc5 e6 26. h5 Qa3 27. Rc7 b3 28. h6+ Kg8 29. Qg4 b2 30. Qf4 b1Q+ 31. Kh2 Qb6 32. Qxf7+ 1-0